[Event "DEM U12w 2025"]
[Site "Willingen GER"]
[Date "2025.06.09"]
[Round "3"]
[White "Kühn, Nicole"]
[Black "Suryaprakash, Smrithi"]
[Result "1/2-1/2"]
[Termination "normal"]
[Board "10"]
[WhiteElo "1596"]
[BlackElo "1731"]
[WhiteClock "00:03:26"]
[BlackClock "00:10:43"]
[PlyCount "102"]
[WhiteFideId "34610510"]
[BlackFideId "34637826"]
[EventCountry "GER"]
[EventRounds "9"]
[EventType "swiss"]
[EventDate "2025.06.07"]

1. e4 {[%clk 01:30:56]} {[%emt 00:00:03]} c5 {[%clk 01:30:42]} {[%emt
00:00:18]} 2. Nf3 {[%clk 01:30:50]} {[%emt 00:00:36]} d6 {[%clk 01:31:07]}
{[%emt 00:00:05]} 3. Bb5+ {[%clk 01:30:28]} {[%emt 00:00:52]} Nd7 {[%clk
01:31:31]} {[%emt 00:00:06]} 4. O-O {[%clk 01:30:06]} {[%emt 00:00:51]} a6
{[%clk 01:31:57]} {[%emt 00:00:05]} 5. Be2 {[%emt 00:01:22]} Ngf6 {[%clk
01:31:34]} {[%emt 00:00:52]} 6. d3 {[%clk 01:27:40]} {[%emt 00:02:05]} h6
{[%clk 01:31:18]} {[%emt 00:00:47]} 7. c4 {[%clk 01:26:58]} {[%emt 00:01:12]}
e5 {[%clk 01:24:50]} {[%emt 00:06:58]} 8. Nc3 {[%clk 01:24:39]} {[%emt
00:02:48]} Be7 {[%clk 01:24:46]} {[%emt 00:00:35]} 9. Re1 {[%clk 01:22:55]}
{[%emt 00:02:13]} O-O {[%clk 01:24:43]} {[%emt 00:00:33]} 10. h3 {[%clk
01:21:58]} {[%emt 00:01:27]} Re8 {[%clk 01:15:43]} {[%emt 00:09:31]} 11. a3
{[%clk 01:16:28]} {[%emt 00:05:59]} Nf8 {[%clk 01:09:10]} {[%emt 00:07:03]} 12.
Bf1 {[%clk 01:13:06]} {[%emt 00:03:53]} Ng6 {[%clk 01:01:27]} {[%emt 00:08:12]}
13. Rb1 {[%clk 01:10:53]} {[%emt 00:02:43]} Nh7 {[%clk 00:55:19]} {[%emt
00:06:39]} 14. b4 {[%clk 01:06:31]} {[%emt 00:04:52]} Nhf8 {[%clk 00:51:58]}
{[%emt 00:03:51]} 15. Nd5 {[%clk 01:03:53]} {[%emt 00:03:08]} Rb8 {[%clk
00:47:13]} {[%emt 00:05:15]} 16. Be3 {[%clk 01:00:51]} {[%emt 00:03:31]} Be6
{[%clk 00:40:46]} {[%emt 00:06:58]} 17. Nxe7+ {[%clk 00:59:33]} {[%emt
00:01:48]} Qxe7 {[%clk 00:41:06]} {[%emt 00:00:09]} 18. Qc2 {[%clk 00:55:47]}
{[%emt 00:04:15]} f5 {[%clk 00:37:53]} {[%emt 00:03:44]} 19. exf5 {[%clk
00:49:48]} {[%emt 00:06:29]} Bxf5 {[%clk 00:38:15]} {[%emt 00:00:08]} 20. Qc3
{[%clk 00:47:49]} {[%emt 00:02:29]} Ne6 {[%clk 00:30:00]} {[%emt 00:08:46]} 21.
g4 {[%clk 00:44:17]} {[%emt 00:04:01]} Nd4 {[%clk 00:30:11]} {[%emt 00:00:19]}
22. Bxd4 {[%clk 00:42:50]} {[%emt 00:01:57]} cxd4 {[%clk 00:29:53]} {[%emt
00:00:48]} 23. Nxd4 {[%clk 00:38:49]} {[%emt 00:04:31]} exd4 {[%clk 00:30:16]}
{[%emt 00:00:07]} 24. Rxe7 {[%clk 00:39:05]} {[%emt 00:00:14]} dxc3 {[%clk
00:30:38]} {[%emt 00:00:09]} 25. Rxe8+ {[%clk 00:39:20]} {[%emt 00:00:15]} Rxe8
{[%clk 00:31:00]} {[%emt 00:00:08]} 26. gxf5 {[%clk 00:39:44]} {[%emt
00:00:06]} Nh4 {[%clk 00:30:51]} {[%emt 00:00:38]} 27. Rc1 {[%clk 00:38:07]}
{[%emt 00:02:07]} Kf7 {[%clk 00:30:56]} {[%emt 00:00:24]} 28. Bg2 {[%clk
00:37:48]} {[%emt 00:00:50]} Nxf5 {[%clk 00:31:09]} {[%emt 00:00:17]} 29. Rxc3
{[%clk 00:36:56]} {[%emt 00:01:22]} Nd4 {[%clk 00:31:32]} {[%emt 00:00:06]} 30.
Bd5+ {[%clk 00:36:00]} {[%emt 00:01:27]} Kf6 {[%clk 00:31:42]} {[%emt
00:00:20]} 31. Kg2 {[%clk 00:35:09]} {[%emt 00:01:21]} b6 {[%clk 00:29:17]}
{[%emt 00:02:55]} 32. Be4 {[%clk 00:32:15]} {[%emt 00:03:23]} Kg5 {[%clk
00:24:29]} {[%emt 00:05:18]} 33. Rc1 {[%clk 00:28:40]} {[%emt 00:04:06]} Kh4
{[%clk 00:24:38]} {[%emt 00:00:21]} 34. Rb1 {[%clk 00:25:43]} {[%emt 00:03:26]}
Ne2 {[%clk 00:23:07]} {[%emt 00:02:01]} 35. Kf3 {[%clk 00:22:17]} {[%emt
00:03:56]} Nd4+ {[%clk 00:22:35]} {[%emt 00:01:03]} 36. Kg2 {[%clk 00:21:38]}
{[%emt 00:01:09]} Ne6 {[%clk 00:17:41]} {[%emt 00:05:23]} 37. Rg1 {[%clk
00:20:11]} {[%emt 00:01:56]} g5 {[%clk 00:17:33]} {[%emt 00:00:39]} 38. Kf1
{[%clk 00:16:52]} {[%emt 00:03:50]} Nf4 {[%clk 00:17:36]} {[%emt 00:00:26]} 39.
Bf5 {[%clk 00:14:15]} {[%emt 00:03:07]} Rf8 {[%clk 00:17:56]} {[%emt 00:00:10]}
40. Be4 {[%clk 00:11:48]} {[%emt 00:02:57]} Nxh3 {[%clk 00:17:55]} {[%emt
00:00:32]} 41. Rg2 {[%clk 00:10:59]} {[%emt 00:01:16]} g4 {[%clk 00:14:47]}
{[%emt 00:03:42]} 42. Ke1 {[%clk 00:10:01]} {[%emt 00:01:27]} h5 {[%clk
00:14:17]} {[%emt 00:01:00]} 43. Rh2 {[%clk 00:08:01]} {[%emt 00:02:28]} Kg5
{[%clk 00:14:39]} {[%emt 00:00:09]} 44. Ke2 {[%clk 00:07:34]} {[%emt 00:00:58]}
h4 {[%clk 00:14:17]} {[%emt 00:00:53]} 45. Ke3 {[%clk 00:07:04]} {[%emt
00:00:59]} Nf4 {[%clk 00:14:14]} {[%emt 00:00:33]} 46. Kd4 {[%clk 00:06:20]}
{[%emt 00:01:14]} g3 {[%clk 00:11:37]} {[%emt 00:03:07]} 47. fxg3 {[%clk
00:05:44]} {[%emt 00:01:06]} hxg3 {[%clk 00:12:01]} {[%emt 00:00:06]} 48. Rh7
{[%clk 00:05:29]} {[%emt 00:00:43]} Kf6 {[%clk 00:10:39]} {[%emt 00:01:54]} 49.
Rh6+ {[%clk 00:04:09]} {[%emt 00:01:49]} Kg5 {[%clk 00:10:49]} {[%emt
00:00:20]} 50. Rxd6 {[%clk 00:03:24]} {[%emt 00:01:15]} g2 {[%clk 00:10:27]}
{[%emt 00:00:53]} 51. Bxg2 {[%clk 00:03:26]} {[%emt 00:00:28]} Nxg2 {[%clk
00:10:43]} {[%emt 00:00:14]} 1/2-1/2

[Event "DEM U12w 2025"]
[Site "Willingen GER"]
[Date "2025.06.09"]
[Round "3"]
[White "Gubler, Sarah"]
[Black "Vasilieva, Victoria"]
[Result "1-0"]
[Termination "normal"]
[Board "11"]
[WhiteElo "1742"]
[BlackElo "1554"]
[WhiteClock "00:11:59"]
[BlackClock "00:30:09"]
[PlyCount "83"]
[WhiteFideId "533040699"]
[BlackFideId "533007071"]
[EventCountry "GER"]
[EventRounds "9"]
[EventType "swiss"]
[EventDate "2025.06.07"]

1. e4 {[%clk 01:30:57]} {[%emt 00:00:01]} c6 {[%clk 01:30:55]} {[%emt
00:00:05]} 2. d4 {[%clk 01:31:10]} {[%emt 00:00:18]} d5 {[%clk 01:31:18]}
{[%emt 00:00:07]} 3. e5 {[%clk 01:31:28]} {[%emt 00:00:12]} Bf5 {[%clk
01:31:39]} {[%emt 00:00:09]} 4. h4 {[%clk 01:31:35]} {[%emt 00:00:23]} h5
{[%clk 01:31:24]} {[%emt 00:00:44]} 5. Bd3 {[%clk 01:31:33]} {[%emt 00:00:33]}
Bxd3 {[%clk 01:30:33]} {[%emt 00:01:21]} 6. Qxd3 {[%clk 01:31:50]} {[%emt
00:00:13]} e6 {[%clk 01:30:10]} {[%emt 00:00:53]} 7. Nf3 {[%clk 01:31:36]}
{[%emt 00:00:42]} Nd7 {[%clk 01:28:59]} {[%emt 00:01:42]} 8. O-O {[%clk
01:30:25]} {[%emt 00:01:41]} c5 {[%clk 01:27:39]} {[%emt 00:01:50]} 9. dxc5
{[%clk 01:25:33]} {[%emt 00:05:23]} Bxc5 {[%clk 01:26:05]} {[%emt 00:02:03]}
10. c4 {[%clk 01:23:06]} {[%emt 00:02:58]} Ne7 {[%clk 01:22:23]} {[%emt
00:04:12]} 11. Nc3 {[%clk 01:21:15]} {[%emt 00:02:21]} Ng6 {[%clk 01:19:21]}
{[%emt 00:03:31]} 12. Re1 {[%clk 01:15:57]} {[%emt 00:05:49]} Nxh4 {[%clk
01:16:33]} {[%emt 00:03:17]} 13. cxd5 {[%clk 01:10:10]} {[%emt 00:06:17]} O-O
{[%clk 01:07:16]} {[%emt 00:09:48]} 14. Ne4 {[%clk 00:52:57]} {[%emt 00:17:42]}
Re8 {[%clk 00:57:48]} {[%emt 00:09:57]} 15. Nfg5 {[%clk 00:45:56]} {[%emt
00:07:32]} Ng6 {[%clk 00:45:31]} {[%emt 00:12:47]} 16. dxe6 {[%clk 00:39:20]}
{[%emt 00:07:06]} Ndxe5 {[%clk 00:41:11]} {[%emt 00:04:51]} 17. Qxd8 {[%clk
00:37:25]} {[%emt 00:02:25]} Bxf2+ {[%clk 00:40:41]} {[%emt 00:00:59]} 18. Nxf2
{[%clk 00:37:24]} {[%emt 00:00:30]} Raxd8 {[%emt 00:01:27]} 19. Be3 {[%clk
00:36:47]} {[%emt 00:00:09]} a6 {[%clk 00:40:27]} {[%emt 00:00:46]} 20. Bb6
{[%clk 00:34:42]} {[%emt 00:02:35]} Rc8 {[%clk 00:39:28]} {[%emt 00:01:25]} 21.
exf7+ {[%clk 00:26:11]} {[%emt 00:09:06]} Nxf7 {[%clk 00:39:32]} {[%emt
00:00:25]} 22. Rxe8+ {[%clk 00:25:39]} {[%emt 00:01:03]} Rxe8 {[%clk 00:39:56]}
{[%emt 00:00:05]} 23. Nxf7 {[%clk 00:25:55]} {[%emt 00:00:14]} Kxf7 {[%clk
00:40:20]} {[%emt 00:00:07]} 24. Rc1 {[%clk 00:25:52]} {[%emt 00:00:32]} Kf6
{[%clk 00:39:31]} {[%emt 00:01:19]} 25. Rc7 {[%clk 00:25:01]} {[%emt 00:01:21]}
Re1+ {[%clk 00:39:12]} {[%emt 00:00:49]} 26. Kh2 {[%clk 00:25:21]} {[%emt
00:00:10]} Ra1 {[%clk 00:39:23]} {[%emt 00:00:16]} 27. Bd4+ {[%clk 00:24:00]}
{[%emt 00:01:52]} Kf5 {[%clk 00:39:07]} {[%emt 00:00:46]} 28. a3 {[%clk
00:23:31]} {[%emt 00:01:02]} b5 {[%clk 00:37:49]} {[%emt 00:01:47]} 29. Rxg7
{[%clk 00:21:23]} {[%emt 00:02:37]} a5 {[%clk 00:36:57]} {[%emt 00:01:23]} 30.
Rb7 {[%clk 00:21:01]} {[%emt 00:00:52]} b4 {[%clk 00:36:58]} {[%emt 00:00:29]}
31. Rb5+ {[%clk 00:20:22]} {[%emt 00:01:07]} Ke6 {[%clk 00:35:20]} {[%emt
00:02:06]} 32. Rxa5 {[%clk 00:20:11]} {[%emt 00:00:46]} bxa3 {[%clk 00:34:44]}
{[%emt 00:01:06]} 33. Rxa3 {[%clk 00:18:27]} {[%emt 00:02:14]} Rb1 {[%clk
00:31:37]} {[%emt 00:03:26]} 34. Bc3 {[%clk 00:18:04]} {[%emt 00:01:04]} Kd7
{[%clk 00:31:24]} {[%emt 00:00:41]} 35. Ra7+ {[%clk 00:17:33]} {[%emt
00:01:02]} Kc8 {[%clk 00:30:18]} {[%emt 00:01:36]} 36. Rh7 {[%clk 00:16:42]}
{[%emt 00:01:15]} Nf4 {[%clk 00:30:29]} {[%emt 00:00:23]} 37. Ne4 {[%clk
00:13:17]} {[%emt 00:03:56]} Nd3 {[%clk 00:30:35]} {[%emt 00:00:24]} 38. Nd2
{[%clk 00:12:34]} {[%emt 00:01:11]} Rd1 {[%clk 00:29:52]} {[%emt 00:00:54]} 39.
Nc4 {[%clk 00:12:33]} {[%emt 00:00:54]} Nf2 {[%clk 00:30:06]} {[%emt 00:00:14]}
40. Nb6+ {[%clk 00:11:23]} {[%emt 00:01:39]} Kb8 {[%clk 00:29:50]} {[%emt
00:00:45]} 41. Be5+ {[%clk 00:11:38]} {[%emt 00:00:16]} Rd6 {[%clk 00:30:09]}
{[%emt 00:00:14]} 42. Bxd6# {[%clk 00:11:59]} {[%emt 00:00:07]} 1-0

[Event "DEM U12w 2025"]
[Site "Willingen GER"]
[Date "2025.06.09"]
[Round "3"]
[White "Nehrukumar, Rithika"]
[Black "Sobczak, Zuzanna"]
[Result "0-1"]
[Termination "normal"]
[Board "12"]
[WhiteElo "1692"]
[BlackElo "1686"]
[WhiteClock "00:45:29"]
[BlackClock "01:28:21"]
[PlyCount "140"]
[WhiteFideId "34660550"]
[BlackFideId "34670050"]
[EventCountry "GER"]
[EventRounds "9"]
[EventType "swiss"]
[EventDate "2025.06.07"]

1. e4 {[%clk 01:30:57]} {[%emt 00:00:02]} c5 {[%clk 01:30:57]} {[%emt
00:00:03]} 2. Nf3 {[%clk 01:31:23]} {[%emt 00:00:04]} Nc6 {[%clk 01:31:23]}
{[%emt 00:00:05]} 3. d4 {[%clk 01:31:48]} {[%emt 00:00:04]} cxd4 {[%clk
01:31:50]} {[%emt 00:00:04]} 4. Nxd4 {[%clk 01:32:14]} {[%emt 00:00:04]} g6
{[%clk 01:32:16]} {[%emt 00:00:04]} 5. Nc3 {[%clk 01:32:35]} {[%emt 00:00:09]}
Bg7 {[%clk 01:32:42]} {[%emt 00:00:04]} 6. Be3 {[%clk 01:32:59]} {[%emt
00:00:05]} Nf6 {[%clk 01:33:07]} {[%emt 00:00:05]} 7. f3 {[%clk 01:33:20]}
{[%emt 00:00:09]} O-O {[%clk 01:33:30]} {[%emt 00:00:07]} 8. Bc4 {[%clk
01:33:12]} {[%emt 00:00:38]} d6 {[%clk 01:33:55]} {[%emt 00:00:05]} 9. Qd2
{[%clk 01:33:16]} {[%emt 00:00:27]} Bd7 {[%clk 01:34:13]} {[%emt 00:00:12]} 10.
O-O {[%clk 01:32:46]} {[%emt 00:01:00]} a6 {[%clk 01:34:12]} {[%emt 00:00:30]}
11. a3 {[%clk 01:25:02]} {[%emt 00:08:15]} b5 {[%clk 01:34:00]} {[%emt
00:00:42]} 12. Ba2 {[%clk 01:24:51]} {[%emt 00:00:40]} Qc7 {[%clk 01:32:00]}
{[%emt 00:02:31]} 13. Rad1 {[%clk 01:23:24]} {[%emt 00:01:57]} b4 {[%clk
01:26:43]} {[%emt 00:05:47]} 14. Nd5 {[%clk 01:20:00]} {[%emt 00:03:53]} Nxd5
{[%clk 01:26:55]} {[%emt 00:00:18]} 15. exd5 {[%clk 01:13:29]} {[%emt
00:07:01]} Nxd4 {[%clk 01:27:16]} {[%emt 00:00:09]} 16. Bxd4 {[%clk 01:13:31]}
{[%emt 00:00:28]} bxa3 {[%clk 01:27:34]} {[%emt 00:00:13]} 17. bxa3 {[%clk
01:11:47]} {[%emt 00:02:14]} Bxd4+ {[%clk 01:26:15]} {[%emt 00:01:48]} 18. Qxd4
{[%clk 01:10:46]} {[%emt 00:01:31]} Qxc2 {[%clk 01:26:16]} {[%emt 00:00:29]}
19. Rf2 {[%clk 01:06:50]} {[%emt 00:04:26]} Qa4 {[%clk 01:23:56]} {[%emt
00:02:42]} 20. Qxa4 {[%clk 00:56:01]} {[%emt 00:11:28]} Bxa4 {[%clk 01:24:19]}
{[%emt 00:00:07]} 21. Re1 {[%clk 00:54:37]} {[%emt 00:01:53]} Rfe8 {[%clk
01:24:16]} {[%emt 00:00:30]} 22. Rfe2 {[%clk 00:54:58]} {[%emt 00:00:13]} Kf8
{[%clk 01:24:35]} {[%emt 00:00:09]} 23. Re4 {[%clk 00:53:38]} {[%emt 00:01:51]}
Bd7 {[%clk 01:22:53]} {[%emt 00:02:10]} 24. Rb4 {[%clk 00:49:59]} {[%emt
00:04:11]} Rab8 {[%clk 01:22:35]} {[%emt 00:00:44]} 25. Reb1 {[%clk 00:49:50]}
{[%emt 00:00:43]} Rb5 {[%clk 01:22:31]} {[%emt 00:00:28]} 26. Bc4 {[%clk
00:47:20]} {[%emt 00:03:06]} Rxb4 {[%clk 01:19:23]} {[%emt 00:03:40]} 27. axb4
{[%clk 00:46:00]} {[%emt 00:01:49]} Bb5 {[%clk 01:15:31]} {[%emt 00:04:22]} 28.
Bxb5 {[%emt 00:00:34]} axb5 {[%clk 01:15:53]} {[%emt 00:00:04]} 29. Kf2 {[%clk
00:46:01]} {[%emt 00:00:28]} Rc8 {[%clk 01:16:13]} {[%emt 00:00:09]} 30. Kg3
{[%clk 00:45:00]} {[%emt 00:01:32]} Rc4 {[%clk 01:16:26]} {[%emt 00:00:16]} 31.
f4 {[%clk 00:44:01]} {[%emt 00:01:30]} Rd4 {[%clk 01:16:26]} {[%emt 00:00:27]}
32. Kg4 {[%clk 00:41:59]} {[%emt 00:02:36]} Rxd5 {[%clk 01:16:29]} {[%emt
00:00:26]} 33. g3 {[%clk 00:41:00]} {[%emt 00:01:29]} Kg7 {[%clk 01:16:09]}
{[%emt 00:00:49]} 34. h4 {[%clk 00:40:32]} {[%emt 00:01:00]} h5+ {[%clk
01:16:33]} {[%emt 00:00:05]} 35. Kf3 {[%clk 00:40:46]} {[%emt 00:00:17]} Rd3+
{[%clk 01:16:56]} {[%emt 00:00:07]} 36. Kg2 {[%clk 00:40:36]} {[%emt 00:00:40]}
e5 {[%clk 01:16:16]} {[%emt 00:01:10]} 37. fxe5 {[%clk 00:39:46]} {[%emt
00:01:20]} dxe5 {[%clk 01:16:39]} {[%emt 00:00:06]} 38. Re1 {[%clk 00:40:04]}
{[%emt 00:00:12]} Kf6 {[%clk 01:17:04]} {[%emt 00:00:05]} 39. Kf2 {[%clk
00:40:18]} {[%emt 00:00:15]} Rb3 {[%clk 01:17:20]} {[%emt 00:00:09]} 40. Re4
{[%clk 00:40:31]} {[%emt 00:00:24]} Kf5 {[%clk 01:17:45]} {[%emt 00:00:05]} 41.
Re1 {[%clk 00:39:39]} {[%emt 00:01:21]} Rxb4 {[%clk 01:18:10]} {[%emt
00:00:07]} 42. Re3 {[%clk 00:39:24]} {[%emt 00:00:44]} Rb2+ {[%clk 01:18:10]}
{[%emt 00:00:25]} 43. Kf3 {[%clk 00:37:41]} {[%emt 00:02:17]} b4 {[%emt
00:00:29]} 44. Re1 {[%clk 00:36:47]} {[%emt 00:01:09]} e4+ {[%clk 01:18:43]}
{[%emt 00:00:14]} 45. Ke3 {[%clk 00:37:04]} {[%emt 00:00:11]} Ke5 {[%clk
01:19:00]} {[%emt 00:00:14]} 46. Rd1 {[%clk 00:36:37]} {[%emt 00:00:57]} Rb3+
{[%clk 01:19:23]} {[%emt 00:00:08]} 47. Kf2 {[%clk 00:36:45]} {[%emt 00:00:21]}
Rd3 {[%clk 01:19:41]} {[%emt 00:00:12]} 48. Rxd3 {[%clk 00:36:56]} {[%emt
00:00:20]} exd3 {[%clk 01:20:06]} {[%emt 00:00:05]} 49. Ke3 {[%clk 00:37:21]}
{[%emt 00:00:05]} Kf5 {[%clk 01:20:21]} {[%emt 00:00:15]} 50. Kxd3 {[%clk
00:37:45]} {[%emt 00:00:06]} Kg4 {[%clk 01:20:45]} {[%emt 00:00:06]} 51. Kc4
{[%clk 00:38:10]} {[%emt 00:00:05]} Kxg3 {[%clk 01:21:09]} {[%emt 00:00:06]}
52. Kxb4 {[%clk 00:38:34]} {[%emt 00:00:06]} f5 {[%clk 01:21:35]} {[%emt
00:00:04]} 53. Kc3 {[%clk 00:39:00]} {[%emt 00:00:04]} f4 {[%clk 01:22:01]}
{[%emt 00:00:03]} 54. Kd2 {[%clk 00:39:26]} {[%emt 00:00:04]} Kg2 {[%clk
01:22:22]} {[%emt 00:00:09]} 55. Ke2 {[%clk 00:39:41]} {[%emt 00:00:16]} f3+
{[%clk 01:22:48]} {[%emt 00:00:04]} 56. Ke3 {[%clk 00:40:07]} {[%emt 00:00:03]}
f2 {[%clk 01:23:12]} {[%emt 00:00:06]} 57. Ke4 {[%clk 00:40:34]} {[%emt
00:00:03]} f1=Q {[%clk 01:23:33]} {[%emt 00:00:09]} 58. Kd4 {[%clk 00:41:02]}
{[%emt 00:00:03]} Qe2 {[%clk 01:23:46]} {[%emt 00:00:17]} 59. Kd5 {[%clk
00:41:25]} {[%emt 00:00:06]} Qe3 {[%emt 00:00:59]} 60. Kd6 {[%clk 00:41:36]}
Qe4 {[%clk 01:24:23]} {[%emt 00:00:07]} 61. Kc5 {[%clk 00:41:58]} {[%emt
00:00:08]} Kf3 {[%clk 01:24:43]} {[%emt 00:00:10]} 62. Kd6 {[%clk 00:42:18]}
{[%emt 00:00:10]} Kf4 {[%clk 01:25:05]} {[%emt 00:00:07]} 63. Kc5 {[%clk
00:42:44]} {[%emt 00:00:05]} Qd3 {[%clk 01:25:25]} {[%emt 00:00:09]} 64. Kc6
{[%clk 00:43:06]} {[%emt 00:00:09]} Qd4 {[%clk 01:25:49]} {[%emt 00:00:06]} 65.
Kb5 {[%clk 00:43:32]} {[%emt 00:00:04]} Qc3 {[%clk 01:26:13]} {[%emt 00:00:06]}
66. Kb6 {[%clk 00:43:57]} {[%emt 00:00:06]} Ke5 {[%clk 01:26:42]} {[%emt
00:00:01]} 67. Kb5 {[%clk 00:44:20]} {[%emt 00:00:06]} Kd6 {[%clk 01:27:05]}
{[%emt 00:00:06]} 68. Kb6 {[%clk 00:44:43]} {[%emt 00:00:08]} Qb4+ {[%clk
01:27:31]} {[%emt 00:00:05]} 69. Ka6 {[%clk 00:45:04]} {[%emt 00:00:08]} Kc6
{[%clk 01:27:54]} {[%emt 00:00:05]} 70. Ka7 {[%clk 00:45:29]} {[%emt 00:00:07]}
Qb7# {[%clk 01:28:21]} {[%emt 00:00:03]} 0-1

[Event "DEM U12w 2025"]
[Site "Willingen GER"]
[Date "2025.06.09"]
[Round "3"]
[White "Bayer, Klara"]
[Black "Zietz, Leni"]
[Result "1-0"]
[Termination "normal"]
[Board "13"]
[WhiteElo "1678"]
[BlackElo "1113"]
[WhiteClock "00:48:26"]
[BlackClock "00:30:50"]
[PlyCount "53"]
[WhiteFideId "34658955"]
[BlackFideId "533025886"]
[EventCountry "GER"]
[EventRounds "9"]
[EventType "swiss"]
[EventDate "2025.06.07"]

1. d4 {[%clk 01:30:55]} {[%emt 00:00:04]} Nf6 {[%clk 01:30:55]} {[%emt
00:00:05]} 2. c4 {[%clk 01:31:16]} {[%emt 00:00:09]} e6 {[%clk 01:31:12]}
{[%emt 00:00:13]} 3. Nc3 {[%clk 01:31:35]} {[%emt 00:00:11]} d5 {[%clk
01:31:33]} {[%emt 00:00:09]} 4. Bg5 {[%clk 01:31:04]} {[%emt 00:01:02]} Be7
{[%clk 01:31:47]} {[%emt 00:00:16]} 5. cxd5 {[%clk 01:31:10]} {[%emt 00:00:24]}
exd5 {[%clk 01:31:58]} {[%emt 00:00:19]} 6. e3 {[%clk 01:31:10]} {[%emt
00:00:30]} c6 {[%clk 01:31:43]} {[%emt 00:00:45]} 7. Bd3 {[%clk 01:31:11]}
{[%emt 00:00:29]} Nbd7 {[%clk 01:31:22]} {[%emt 00:00:49]} 8. Nf3 {[%clk
01:30:30]} {[%emt 00:01:12]} O-O {[%clk 01:29:05]} {[%emt 00:02:48]} 9. O-O
{[%clk 01:30:04]} {[%emt 00:00:55]} c5 {[%clk 01:26:17]} {[%emt 00:03:18]} 10.
dxc5 {[%clk 01:27:40]} {[%emt 00:02:55]} Nxc5 {[%clk 01:26:00]} {[%emt
00:00:47]} 11. Bc2 {[%clk 01:27:32]} {[%emt 00:00:37]} Be6 {[%clk 01:21:35]}
{[%emt 00:04:54]} 12. Rc1 {[%clk 01:27:18]} {[%emt 00:00:45]} Qd6 {[%clk
01:17:26]} {[%emt 00:04:26]} 13. Qe2 {[%clk 01:24:26]} {[%emt 00:03:36]} Rac8
{[%clk 01:12:06]} {[%emt 00:05:49]} 14. Rfd1 {[%clk 01:24:19]} {[%emt
00:00:37]} Rfd8 {[%clk 01:10:20]} {[%emt 00:02:17]} 15. Bb1 {[%clk 01:19:41]}
{[%emt 00:05:08]} a6 {[%clk 01:07:00]} {[%emt 00:03:50]} 16. h3 {[%clk
01:12:09]} {[%emt 00:08:01]} b5 {[%clk 01:03:53]} {[%emt 00:03:38]} 17. Qe1
{[%clk 01:01:06]} {[%emt 00:11:31]} Rc6 {[%clk 00:51:23]} {[%emt 00:13:01]} 18.
Bf4 {[%clk 01:00:33]} {[%emt 00:01:03]} Qd7 {[%clk 00:50:46]} {[%emt 00:01:04]}
19. Ne5 {[%clk 01:00:41]} {[%emt 00:00:26]} Qc8 {[%clk 00:49:51]} {[%emt
00:01:11]} 20. Nxc6 {[%clk 01:00:50]} {[%emt 00:00:34]} Qxc6 {[%clk 00:49:57]}
{[%emt 00:00:24]} 21. Ne2 {[%clk 01:00:30]} {[%emt 00:00:48]} Qb6 {[%clk
00:45:19]} {[%emt 00:05:09]} 22. Nd4 {[%clk 00:59:40]} {[%emt 00:01:21]} Nh5
{[%clk 00:39:58]} {[%emt 00:05:50]} 23. Bh2 {[%clk 00:58:52]} {[%emt 00:01:19]}
Rc8 {[%clk 00:35:49]} {[%emt 00:04:39]} 24. Qe2 {[%clk 00:53:50]} {[%emt
00:05:33]} g6 {[%clk 00:33:55]} {[%emt 00:02:23]} 25. Qf3 {[%clk 00:52:23]}
{[%emt 00:01:57]} Bf6 {[%clk 00:31:14]} {[%emt 00:03:10]} 26. Nxe6 {[%clk
00:48:13]} {[%emt 00:04:42]} fxe6 {[%clk 00:30:50]} {[%emt 00:00:52]} 27. b4
{[%clk 00:48:26]} {[%emt 00:00:18]} 1-0